000
00206 a2200097 4500
001
23606
100
_a
Roskill, S.W
245
_a
Strategy of sea power
260
_a
_b
Collins
_c
1963
090
_c
15991
_d
15991
942
_a
NUST-CAE
_c
M
_c
6659
999
_c
258679
_d
258679